| 000 | 01094nam a22002537a 4500 | ||
|---|---|---|---|
| 005 | 20170124103204.0 | ||
| 010 | _aB-195237 | ||
| 020 |
_c175.00 _a8173155569 |
||
| 035 | _aB-195237 | ||
| 037 | _bCen Lib/Ret | ||
| 040 |
_aDPL _bHN |
||
| 082 |
_a372.372 _bअरोड़ा |
||
| 100 |
_aअरोड़ा, पंकज _992927 |
||
| 245 |
_aविद्यालयों में यौन शिक्षा / _cपंकज अरोड़ा |
||
| 246 |
_aVidhyalayon me yaun shiksha / _bby Pankaj Arora |
||
| 260 |
_aनई दिल्ली _bप्रभात प्रकाशन _c2005 |
||
| 270 |
_a4/19, आसफ अली रोड _bनई दिल्ली _e110002 |
||
| 300 |
_a167पृ. _c20सेमी(सजिल्द) |
||
| 650 |
_aयौन शिक्षा -- आवश्यकता _945246 |
||
| 650 |
_aयौन शिक्षा -- कार्यक्रम _976438 |
||
| 650 |
_aSexual education - required _992928 |
||
| 650 |
_aSex education - program _992929 |
||
| 942 |
_2ddc _cHN _h372.372 _mअरोड़ा |
||
| 999 |
_c120842 _d120842 |
||